000 00743nam a2200301Ia 4500
005 20260127112932.0
008 008 260114s9999 xx 000 0 eng d
020 _a080399639X
037 _aTextbook
040 _aPSDL
040 _beng
040 _cPSDL
041 _2eng
041 _aeng
084 _aW.2 N0
084 _qPSDL
100 _aAthreya, Venkatesh B. | Djurfeldt, Göran | Lindberg, Staffan
_91108264
245 0 _aBarriers broken
245 0 _cAthreya, Venkatesh B. | Djurfeldt, Göran | Lindberg, Staffan
260 _aNew Delhi
260 _bSage Publication
260 _c1990
300 _a336p.
942 _cTB
942 _hW.2 N0
999 _c1673421
_d1673421